[Event "Open Hotel Caravel A"]
[Site "Nago-Torbole ITA"]
[Date "2010.12.29"]
[Round "7"]
[White "De Vita, Gianni"]
[Black "Trauth, Michael"]
[Result "1/2-1/2"]
[WhiteElo "2106"]
[BlackElo "2197"]
[PlyCount "47"]
[EventDate "2010.12.26"]

1. c4 Nf6 2. Nf3 c5 3. g3 g6 4. Nc3 Bg7 5. Bg2 O-O 6. O-O Nc6 7. d4 cxd4 8.
Nxd4 d6 9. Nxc6 bxc6 10. Qc2 Be6 11. b3 Bf5 12. Qb2 Ne4 13. Bd2 d5 14. Be1 Qb6
15. Qc1 Qd4 16. Bxe4 Bxe4 17. cxd5 cxd5 18. Qd2 Rac8 19. Qxd4 Bxd4 20. Rc1 e6
21. Bd2 Bf5 22. Nb5 Bc5 23. b4 Bb6 24. a4 1/2-1/2

[Event "Open Hotel Caravel A"]
[Site "Nago-Torbole ITA"]
[Date "2010.12.29"]
[Round "7"]
[White "De Vita, Igor"]
[Black "Gehrke, Rolf"]
[Result "1/2-1/2"]
[WhiteElo "2078"]
[BlackElo "2084"]
[PlyCount "38"]
[EventDate "2010.12.26"]

1. c4 Nf6 2. g3 g6 3. Bg2 Bg7 4. Nc3 O-O 5. e4 c5 6. d3 Nc6 7. Nge2 d6 8. O-O
Ne8 9. Bg5 Nc7 10. Qd2 Ne6 11. Bh6 Ned4 12. Bxg7 Kxg7 13. Nxd4 Nxd4 14. Ne2
Nxe2+ 15. Qxe2 e5 16. f4 f6 17. Rf2 Rb8 18. Raf1 b6 19. b3 Bd7 1/2-1/2

[Event "Open Hotel Caravel A"]
[Site "Nago-Torbole ITA"]
[Date "2010.12.29"]
[Round "7"]
[White "Facchetti, Lorenzo"]
[Black "Petragnani, Gian Giacomo"]
[Result "1-0"]
[WhiteElo "1843"]
[BlackElo "1714"]
[PlyCount "73"]
[EventDate "2010.12.26"]

1. d4 g6 2. c4 Bg7 3. Nc3 d6 4. e4 Nd7 5. Nf3 e5 6. Be2 Ne7 7. O-O O-O 8. dxe5
Nxe5 9. Nxe5 dxe5 10. Qxd8 Rxd8 11. Nd5 Nxd5 12. cxd5 Bd7 13. Be3 h6 14. Rac1
c6 15. Bc4 b6 16. dxc6 Bxc6 17. Bxf7+ Kxf7 18. Rxc6 Rd7 19. Rfc1 Rad8 20. Kf1
g5 21. Ke2 Bf6 22. Rc7 Ke7 23. R1c6 Rxc7 24. Rxc7+ Rd7 25. Rxd7+ Kxd7 26. g3
Kc6 27. b3 Kb5 28. Bd2 a5 29. Kd3 Be7 30. a4+ Kc6 31. f4 Bf6 32. fxe5 Bxe5 33.
Bc3 Kd6 34. Bxe5+ Kxe5 35. Ke3 h5 36. Kd3 h4 37. Ke3 1-0

[Event "Open Hotel Caravel A"]
[Site "Nago-Torbole ITA"]
[Date "2010.12.29"]
[Round "7"]
[White "Favre, Bruno"]
[Black "Jimchi, Abdelaziz"]
[Result "1/2-1/2"]
[WhiteElo "1964"]
[BlackElo "1886"]
[PlyCount "114"]
[EventDate "2010.12.26"]

1. d4 d5 2. Nf3 Nf6 3. c4 e6 4. Nc3 Nbd7 5. cxd5 exd5 6. Bg5 c6 7. e3 Qa5 8.
Nd2 Bb4 9. Bxf6 Nxf6 10. Qc2 O-O 11. Bd3 Bxc3 12. bxc3 Be6 13. O-O Qc7 14. c4
dxc4 15. Bxc4 Qd7 16. Rab1 Rab8 17. Rfc1 Rfc8 18. Bxe6 Qxe6 19. Rb3 Nd7 20. Ne4
b6 21. Rc3 f5 22. Ng3 f4 23. exf4 c5 24. Qb3 Qxb3 25. axb3 Re8 26. dxc5 Nxc5
27. f3 Rbd8 28. f5 Rd2 29. b4 Nd3 30. Rc8 Nxc1 31. Rxe8+ Kf7 32. Re1 Nd3 33.
Rb1 Nf4 34. Ra1 Rxg2+ 35. Kh1 Rb2 36. b5 Rxb5 37. Rxa7+ Kf8 38. Kg1 Rb2 39. Ne4
Ne2+ 40. Kf1 Nd4 41. Nd6 Nxf3 42. Rf7+ Kg8 43. Rb7 Nxh2+ 44. Kg1 Nf3+ 45. Kf1
h5 46. Ne8 h4 47. Nxg7 h3 48. Nh5 Rg2 49. Nf6+ Kf8 50. Nd7+ Ke8 51. Nf6+ Kd8
52. Rd7+ Kc8 53. Rh7 Rg1+ 54. Kf2 h2 55. Rxh2 Nxh2 56. Kxg1 Nf3+ 57. Kf2 Nd4
1/2-1/2

[Event "Open Hotel Caravel A"]
[Site "Nago-Torbole ITA"]
[Date "2010.12.29"]
[Round "7"]
[White "Fragni, Enrico"]
[Black "Briffault, Philippe"]
[Result "0-1"]
[WhiteElo "1762"]
[BlackElo "1961"]
[PlyCount "59"]
[EventDate "2010.12.26"]

1. Nf3 Nf6 2. d3 g6 3. c3 Bg7 4. e4 d6 5. Bg5 O-O 6. Be2 c5 7. h3 Be6 8. Nbd2
Qb6 9. Qc2 Nc6 10. O-O Rac8 11. a4 Rfe8 12. Kh2 Nh5 13. g3 Qc7 14. Ng1 Nf6 15.
Ndf3 a6 16. Qd2 Na5 17. Bd1 c4 18. Rc1 cxd3 19. Bxf6 Bxf6 20. Ra1 Nb3 21. Bxb3
Bxb3 22. Ne1 Qc4 23. Qxd3 Bxa4 24. f3 Qb3 25. Rf2 Qb6 26. Rd2 Bb5 27. Qc2 Bg5
28. Rg2 Bf1 29. Rf2 Bb5 30. b4 0-1

[Event "Open Hotel Caravel A"]
[Site "Nago-Torbole ITA"]
[Date "2010.12.29"]
[Round "7"]
[White "Horn, Peter"]
[Black "Bevilacqua, Maurizio"]
[Result "1-0"]
[WhiteElo "2132"]
[BlackElo "2156"]
[PlyCount "103"]
[EventDate "2010.12.26"]

1. c4 c5 2. Nf3 Nf6 3. Nc3 e6 4. g3 b6 5. Bg2 Bb7 6. O-O Be7 7. Re1 O-O 8. e4
d6 9. d4 cxd4 10. Nxd4 Qc8 11. b3 a6 12. Bb2 Nbd7 13. Rc1 Qb8 14. f4 Rc8 15. h3
Bf8 16. Qd2 g6 17. g4 e5 18. Nde2 b5 19. Nd5 bxc4 20. bxc4 Bxd5 21. exd5 Qb6+
22. Kh1 Rab8 23. Ba1 Qb4 24. Qd3 Nc5 25. Qe3 Nfd7 26. Rf1 Bg7 27. Ng3 Re8 28.
f5 Qa4 29. Rf2 Rb7 30. Be4 Nb6 31. Rfc2 Nbd7 32. g5 Reb8 33. Rf2 Nxe4 34. Nxe4
gxf5 35. Nxd6 f4 36. Qc3 Rb1 37. Rfc2 Rxa1 38. Qxa1 e4 39. Rc3 Nc5 40. Nf5 Be5
41. Ne7+ Kf8 42. Nc6 Nd3 43. Nxe5 Nxe5 44. Rb1 Re8 45. Qb2 Qd7 46. Rb3 f3 47.
Kh2 Qf5 48. Rb8 Qf4+ 49. Kh1 Rxb8 50. Qxb8+ Kg7 51. Qd6 e3 52. Qh6+ 1-0

[Event "Open Hotel Caravel A"]
[Site "Nago-Torbole ITA"]
[Date "2010.12.29"]
[Round "7"]
[White "Lezzerini, Marco"]
[Black "Paniga, Danilo"]
[Result "1/2-1/2"]
[WhiteElo "1731"]
[BlackElo "1871"]
[PlyCount "102"]
[EventDate "2010.12.26"]

1. d4 f5 2. g3 g6 3. Bg2 Nf6 4. Nf3 Bg7 5. O-O O-O 6. c4 d6 7. Nc3 Qe8 8. d5 a5
9. Rb1 Na6 10. a3 Bd7 11. Nd4 c6 12. b3 h6 13. Bb2 Nc7 14. e3 e5 15. dxe6 Nxe6
16. Nxe6 Qxe6 17. Ne2 Be8 18. Qc2 Bf7 19. Rfd1 Rfd8 20. Rd2 Ne4 21. Bxe4 fxe4
22. Bxg7 Kxg7 23. Rbd1 g5 24. Nd4 Qe5 25. Rc1 Bh5 26. c5 d5 27. Qc3 Kh7 28. Rb2
Rf8 29. b4 axb4 30. Rxb4 Rf7 31. Rcb1 Qf6 32. R1b2 Ra7 33. Qc1 Bf3 34. R4b3 g4
35. Qb1 Qg7 36. Ne6 Qf6 37. Nd4 Qe7 38. Nf5 Qxc5 39. Rxb7 Kg6 40. Nh4+ Kg5 41.
Rxf7 Rxf7 42. Rc2 Qxa3 43. Rxc6 Rb7 44. Rg6+ Kh5 45. Qe1 Qa2 46. Rc6 Rb1 47.
Rc1 Rxc1 48. Qxc1 Qc4 49. Qe1 Qc6 50. Ng2 Bxg2 51. Kxg2 Kg5 1/2-1/2

[Event "Open Hotel Caravel A"]
[Site "Nago-Torbole ITA"]
[Date "2010.12.29"]
[Round "7"]
[White "Mora, Massimo"]
[Black "Pescatore, Lorenzo"]
[Result "0-1"]
[WhiteElo "2014"]
[BlackElo "1999"]
[PlyCount "62"]
[EventDate "2010.12.26"]

1. d4 Nf6 2. Nf3 e6 3. Bg5 h6 4. Bxf6 Qxf6 5. e4 d6 6. Nc3 Nd7 7. Qd2 a6 8. Qe3
g6 9. Ne2 Bg7 10. c3 O-O 11. Rd1 c6 12. Nc1 e5 13. dxe5 dxe5 14. Be2 Qe7 15.
O-O b5 16. Nd3 Bb7 17. a4 Rfd8 18. Nfe1 Bf8 19. Qg3 c5 20. f3 c4 21. Nb4 Nf6
22. Nec2 Nh5 23. Qe1 Qg5 24. g4 Nf4 25. Kh1 Rxd1 26. Bxd1 Rd8 27. h4 Qf6 28.
Qg3 Bc5 29. g5 hxg5 30. Qxg5 Qxg5 31. hxg5 Kg7 0-1

[Event "Open Hotel Caravel A"]
[Site "Nago-Torbole ITA"]
[Date "2010.12.29"]
[Round "7"]
[White "Panjkovic, Aleksandar"]
[Black "Zanussi, Leandro"]
[Result "1-0"]
[WhiteElo "2165"]
[BlackElo "1677"]
[PlyCount "53"]
[EventDate "2010.12.26"]

1. c4 c5 2. g3 Nc6 3. Bg2 e6 4. Nc3 Nf6 5. e3 d5 6. cxd5 exd5 7. Nge2 Be7 8. d4
c4 9. O-O O-O 10. Nf4 Bg4 11. f3 Be6 12. Kh1 Bb4 13. a3 Bxc3 14. bxc3 Na5 15.
e4 Nb3 16. Ra2 Kh8 17. Raf2 Qa5 18. Qc2 Rae8 19. e5 Ng8 20. Nxe6 Rxe6 21. Bb2
f5 22. f4 Nh6 23. h3 Qd8 24. Qe2 Rf7 25. Qh5 Qd7 26. Qf3 b5 27. Qxd5 1-0

[Event "Open Hotel Caravel A"]
[Site "Nago-Torbole ITA"]
[Date "2010.12.29"]
[Round "7"]
[White "Pivovarov, Michail"]
[Black "Silini, Riccardo"]
[Result "0-1"]
[WhiteElo "1869"]
[BlackElo "1628"]
[PlyCount "88"]
[EventDate "2010.12.26"]

1. Nf3 Nf6 2. c4 g6 3. Nc3 Bg7 4. g3 d6 5. d4 c5 6. d5 O-O 7. Bg2 e5 8. Qc2 a6
9. a4 Bg4 10. h3 Bxf3 11. Bxf3 Re8 12. O-O Qd7 13. Kh2 Qe7 14. e4 Nbd7 15. a5
b6 16. axb6 Nxb6 17. Na4 Reb8 18. Bd2 Nxa4 19. Rxa4 Qb7 20. Bc3 Nd7 21. Be2 Qb3
22. Qxb3 Rxb3 23. Rfa1 Rb6 24. R1a2 f5 25. Bd3 f4 26. Kg2 g5 27. Be2 Nf6 28.
Kf3 h5 29. gxf4 exf4 30. e5 dxe5 31. Bxe5 Nd7 32. Bxg7 Kxg7 33. Kg2 Kg6 34. Ra5
Kf6 35. Bxh5 Ke5 36. Bg4 Nf6 37. Rxc5 Nxg4 38. hxg4 Rh8 39. Rca5 Rbh6 40. Rxa6
Rh2+ 41. Kf3 Kd4 42. Re6 R8h3+ 43. Ke2 Rd3 44. Re3 Rxe3+ 0-1

[Event "Open Hotel Caravel A"]
[Site "Nago-Torbole ITA"]
[Date "2010.12.29"]
[Round "7"]
[White "Poletti, Fausto"]
[Black "D'Amato, Piergiorgio"]
[Result "1-0"]
[WhiteElo "1919"]
[BlackElo "1866"]
[PlyCount "57"]
[EventDate "2010.12.26"]

1. c4 e6 2. Nc3 f5 3. g3 Nf6 4. Bg2 Be7 5. d4 O-O 6. Nf3 d6 7. O-O Ne4 8. Qc2
Nxc3 9. Qxc3 a5 10. Qd3 Nc6 11. e4 e5 12. dxe5 dxe5 13. Qd5+ Qxd5 14. exd5 Nb4
15. Nxe5 Bf6 16. f4 Re8 17. a3 Nc2 18. Rb1 Bxe5 19. fxe5 Rxe5 20. Bf4 Re7 21.
Rbc1 Nd4 22. Rfe1 Re2 23. Bxc7 Bd7 24. Rcd1 Ba4 25. Rb1 Bc2 26. d6 Bxb1 27.
Rxb1 Nc6 28. Bxc6 bxc6 29. Rd1 1-0

[Event "Open Hotel Caravel A"]
[Site "Nago-Torbole ITA"]
[Date "2010.12.29"]
[Round "7"]
[White "Simmon, Norbert"]
[Black "Sinner, Armin"]
[Result "1-0"]
[WhiteElo "1865"]
[BlackElo "1515"]
[PlyCount "83"]
[EventDate "2010.12.26"]

1. g3 f5 2. c4 Nf6 3. d4 e6 4. Bg2 Be7 5. Nc3 O-O 6. Nf3 d6 7. O-O a5 8. Qc2
Qe8 9. e3 Qh5 10. e4 fxe4 11. Nxe4 Nxe4 12. Qxe4 Bf6 13. Bd2 Nc6 14. Bc3 e5 15.
dxe5 Bxe5 16. Nxe5 Bf5 17. Qd5+ Kh8 18. Nxc6 bxc6 19. Qd4 Qf7 20. Bxc6 Ra6 21.
Bd5 Qg6 22. Rfe1 c6 23. Bg2 c5 24. Qd2 Ra7 25. Re3 Raf7 26. f4 Be6 27. Rxe6
Qxe6 28. Bd5 Qg4 29. Bxf7 Rxf7 30. Re1 h5 31. Qe3 Rf8 32. Kg2 h4 33. h3 Qg6 34.
g4 a4 35. f5 Qf7 36. Qh6+ Kg8 37. Qe6 Kh7 38. Qxf7 Rxf7 39. Re6 Rd7 40. Kf3 Kg8
41. Ke4 Kf7 42. Kd5 1-0

[Event "Open Hotel Caravel A"]
[Site "Nago-Torbole ITA"]
[Date "2010.12.29"]
[Round "7"]
[White "Tortorella, Giancarlo"]
[Black "Zanin, Luca"]
[Result "1-0"]
[WhiteElo "1796"]
[BlackElo "1497"]
[PlyCount "67"]
[EventDate "2010.12.26"]

1. e4 c5 2. d4 cxd4 3. c3 dxc3 4. Nxc3 Nc6 5. Bc4 e6 6. Nf3 d6 7. O-O Be7 8.
Qe2 Nf6 9. Rd1 e5 10. h3 a6 11. Be3 O-O 12. Rac1 h6 13. Nd5 Nxd5 14. Bxd5 Qc7
15. b4 Bd7 16. a4 Qd8 17. b5 axb5 18. axb5 Na5 19. Ra1 Rc8 20. g4 b6 21. Kh2
Kh8 22. Bd2 Rc5 23. Rdb1 Be6 24. Bxe6 fxe6 25. Bxa5 bxa5 26. b6 Qd7 27. b7 Rb8
28. Qa6 Bd8 29. Ra2 Qc7 30. Ne1 Rc6 31. Qa8 d5 32. exd5 exd5 33. Rxa5 Qd6 34.
Rxd5 1-0

[Event "Open Hotel Caravel A"]
[Site "Nago-Torbole ITA"]
[Date "2010.12.29"]
[Round "7"]
[White "Trento, Giacomo"]
[Black "Varzi, Florian"]
[Result "0-1"]
[WhiteElo "1876"]
[BlackElo "1618"]
[PlyCount "56"]
[EventDate "2010.12.26"]

1. e4 e5 2. f4 exf4 3. Nf3 Nf6 4. e5 Nd5 5. Nc3 Nxc3 6. dxc3 Bc5 7. Bxf4 O-O 8.
Bc4 d6 9. Qe2 Bg4 10. e6 d5 11. exf7+ Rxf7 12. O-O-O c6 13. Bd2 Nd7 14. Bd3 Qf8
15. Bxh7+ Kh8 16. Nh4 Kxh7 17. Qd3+ Bf5 18. Nxf5 Kg8 19. g4 Nf6 20. h3 Ne4 21.
Be3 Bxe3+ 22. Qxe3 Re8 23. Qf4 Kh7 24. Rhg1 g6 25. g5 Rxf5 26. Qh4+ Kg8 27. c4
Rf4 28. Qe1 Nf2 0-1

[Event "XVII Festival A"]
[Site "Campobasso ITA"]
[Date "2010.07.23"]
[Round "1"]
[White "Aliberti, Emilio"]
[Black "Fezza, Davide"]
[Result "0-1"]
[WhiteElo "1847"]
[BlackElo "2070"]
[PlyCount "96"]
[EventDate "2010.07.23"]

1. d4 Nf6 2. c4 c5 3. d5 b5 4. cxb5 a6 5. bxa6 g6 6. g3 Bxa6 7. Bg2 d6 8. Nf3
Bg7 9. O-O O-O 10. Nc3 Nbd7 11. Rb1 Qa5 12. Bd2 Rfb8 13. h3 h6 14. Re1 Ne8 15.
Qc2 Nc7 16. b3 Bb7 17. a4 Qa7 18. e4 Ba6 19. Be3 Qb7 20. Kh2 Qc8 21. Bf1 Bxf1
22. Rxf1 Qa6 23. Nd2 Ne5 24. f4 Qd3 25. Qxd3 Nxd3 26. Ne2 Rb7 27. Nc4 f5 28.
exf5 gxf5 29. Bd2 Nxd5 30. Rf3 N3b4 31. Nc3 Nxc3 32. Bxc3 Bxc3 33. Rxc3 Nc6 34.
Re1 Kf7 35. Rce3 Nd4 36. Rd3 Rxb3 37. Rxb3 Nxb3 38. Rb1 Rxa4 39. Nxd6+ exd6 40.
Rxb3 Ra2+ 41. Kg1 Ke6 42. g4 c4 43. Rg3 fxg4 44. hxg4 Rb2 45. Rh3 Kd5 46. g5
hxg5 47. fxg5 Rb3 48. Rh8 Rg3+ 0-1

[Event "XVII Festival A"]
[Site "Campobasso ITA"]
[Date "2010.07.23"]
[Round "1"]
[White "Altini, Nicola"]
[Black "Cardone, Andrea"]
[Result "1-0"]
[WhiteElo "2120"]
[BlackElo "1890"]
[PlyCount "77"]
[EventDate "2010.07.23"]

1. Nf3 d5 2. d4 g6 3. g3 Bg7 4. Bg2 c6 5. O-O Nf6 6. c4 dxc4 7. Na3 O-O 8. Nxc4
Ne4 9. Nfe5 Nd6 10. Nxd6 exd6 11. Nc4 Be6 12. d5 cxd5 13. Bxd5 Bxd5 14. Qxd5
Nc6 15. Bg5 Nb4 16. Qd2 f6 17. Bf4 d5 18. Nd6 Qb6 19. a3 g5 20. axb4 d4 21. Nf5
gxf4 22. Qxf4 Qxb4 23. Qg4 Rf7 24. Nh6+ Kf8 25. Nxf7 Kxf7 26. Rac1 Re8 27. Rc7+
Re7 28. Qh5+ Ke6 29. Qh3+ Kf7 30. Rfc1 Qd6 31. Qh5+ Ke6 32. Rxe7+ Qxe7 33. Rc8
Qd7 34. Qc5 f5 35. Rc7 Bf8 36. Qxf5+ Kxf5 37. Rxd7 Bc5 38. Rxh7 b5 39. Rh5+ 1-0

[Event "XVII Festival A"]
[Site "Campobasso ITA"]
[Date "2010.07.23"]
[Round "1"]
[White "Arbore, Daniele"]
[Black "Consalvo, Gerardo"]
[Result "0-1"]
[WhiteElo "1374"]
[BlackElo "2002"]
[PlyCount "42"]
[EventDate "2010.07.23"]

1. e4 c5 2. a3 g6 3. b4 Bg7 4. c3 b6 5. Bb2 Bb7 6. Qc2 Qc7 7. g3 Nf6 8. Bg2
cxb4 9. axb4 Nc6 10. Na3 Rc8 11. Rc1 Qb8 12. Qb3 Ne5 13. d4 Nd3+ 14. Kf1 Nxc1
15. Bxc1 Nxe4 16. Bxe4 Bxe4 17. Bf4 Qb7 18. f3 Bxf3 19. Nxf3 Qxf3+ 20. Kg1
Bxd4+ 21. Be3 Bxe3# 0-1

[Event "XVII Festival A"]
[Site "Campobasso ITA"]
[Date "2010.07.03"]
[Round "1"]
[White "Bottega, Antonio"]
[Black "Rusev, Krasimir"]
[Result "0-1"]
[WhiteElo "1963"]
[BlackElo "2543"]
[PlyCount "82"]
[EventDate "2010.07.23"]

1. e4 c5 2. Nc3 Nc6 3. g3 g6 4. Bg2 Bg7 5. Nge2 e5 6. d3 Nge7 7. Be3 d6 8. Qd2
Nd4 9. O-O O-O 10. f4 Be6 11. Nd5 Bxd5 12. Bxd4 Bxe4 13. Bxe5 Bxg2 14. Bxg7
Bxf1 15. Bxf8 Bxe2 16. Bxe7 Qxe7 17. Re1 Re8 18. Kf2 Qf6 19. c3 Qf5 20. Rxe2
Rxe2+ 21. Qxe2 Qd5 22. a3 Qh1 23. Ke3 b5 24. Qf2 Qb1 25. h4 f5 26. Qe2 Kf7 27.
Kf3 Qh1+ 28. Kf2 Qh2+ 29. Kf3 Qg1 30. Qf2 Qb1 31. Qe2 a5 32. d4 Qh1+ 33. Kf2
Qh2+ 34. Kf3 Qxe2+ 35. Kxe2 cxd4 36. cxd4 Ke6 37. b3 Kd5 38. Kd3 a4 39. bxa4
bxa4 40. Kc3 Ke4 41. Kc4 d5+ 0-1

[Event "XVII Festival A"]
[Site "Campobasso ITA"]
[Date "2010.07.23"]
[Round "1"]
[White "Bove, Raffaele"]
[Black "Ljubisavljevic, Zivojin Z."]
[Result "0-1"]
[WhiteElo "1917"]
[BlackElo "2271"]
[PlyCount "84"]
[EventDate "2010.07.23"]

1. e4 b6 2. d4 Bb7 3. Nc3 e6 4. Bd2 Bb4 5. Bd3 Nf6 6. Qe2 d5 7. e5 Nfd7 8. Qg4
g6 9. Bg5 Be7 10. h4 h5 11. Qg3 Bxg5 12. hxg5 Ba6 13. Bxa6 Nxa6 14. Nh3 c6 15.
f3 Nc7 16. O-O-O Qe7 17. Qf4 O-O-O 18. Nf2 Kb7 19. Rh2 a6 20. Rdh1 Ne8 21. Ne2
Ng7 22. g4 c5 23. dxc5 bxc5 24. Ng3 Rhf8 25. gxh5 gxh5 26. Nxh5 Nf5 27. Nf6
Nxf6 28. gxf6 Qc7 29. Nd1 Ka7 30. Ne3 Nd4 31. Nd1 Rb8 32. c3 Nc6 33. Re1 Qa5
34. a3 Qb5 35. Rh7 Na5 36. Qg4 Rb7 37. Qg7 Rfb8 38. Rh8 Rxh8 39. Qxh8 Qd3 40.
b4 Nb3+ 41. Kb2 Qd2+ 42. Kxb3 Qxe1 0-1

[Event "XVII Festival A"]
[Site "Campobasso ITA"]
[Date "2010.07.23"]
[Round "1"]
[White "Campanella, Giovanni"]
[Black "Sabia, Corrado"]
[Result "1/2-1/2"]
[WhiteElo "1905"]
[BlackElo "2212"]
[PlyCount "85"]
[EventDate "2010.07.23"]

1. e4 e5 2. Nf3 Nc6 3. Nc3 Nf6 4. Bb5 Bb4 5. O-O O-O 6. Re1 Re8 7. a3 Bxc3 8.
dxc3 d6 9. h3 Bd7 10. b4 Ne7 11. Bxd7 Nxd7 12. c4 Ng6 13. Be3 Qe7 14. Qd2 Rad8
15. Rad1 Ndf8 16. a4 b6 17. a5 Ne6 18. axb6 cxb6 19. g3 Qc7 20. Qc3 Rc8 21. Re2
Red8 22. Red2 Qc6 23. Qd3 h6 24. h4 Ne7 25. g4 Ng6 26. h5 Ngf4 27. Bxf4 Nxf4
28. Qe3 f6 29. Nh4 Qxc4 30. Nf5 Rc7 31. Qb3 Qxb3 32. cxb3 Ne6 33. Rxd6 Rxd6 34.
Rxd6 Ng5 35. Ng3 Kf8 36. Kf1 Rc3 37. Rd7 Rxb3 38. Rxa7 Rxb4 39. Nf5 Nxe4 40.
Rxg7 Rb2 41. Rb7 Rxf2+ 42. Ke1 Rh2 43. Rxb6 1/2-1/2

[Event "XVII Festival A"]
[Site "Campobasso ITA"]
[Date "2010.07.23"]
[Round "1"]
[White "Cetera, Nicola"]
[Black "Petruccioli, Antonio"]
[Result "1-0"]
[WhiteElo "1889"]
[BlackElo "2113"]
[PlyCount "87"]
[EventDate "2010.07.23"]

1. d4 c5 2. c3 Nf6 3. Bf4 e6 4. e3 Nc6 5. Bd3 b6 6. Nf3 Bb7 7. h3 Be7 8. Nbd2
O-O 9. Qc2 h6 10. g4 cxd4 11. exd4 Rc8 12. O-O Nb4 13. Qb1 Nxd3 14. Qxd3 d6 15.
Rad1 Qc7 16. Rfe1 Rfd8 17. Qe2 Qc6 18. c4 e5 19. d5 Qc7 20. Bg3 b5 21. b3 bxc4
22. bxc4 Ba6 23. Qe3 Qc5 24. Qxc5 Rxc5 25. Nd4 Rd7 26. N4b3 Rc8 27. Na5 Bd8 28.
Nc6 Bb6 29. a4 Bb7 30. a5 Bc5 31. Nb3 Bxc6 32. Nxc5 dxc5 33. dxc6 Rxc6 34. Bxe5
Rb7 35. Rd6 Rxd6 36. Bxd6 a6 37. Re5 Rd7 38. Bb8 Rd3 39. Rxc5 Nd7 40. Rc8+ Kh7
41. c5 Ra3 42. c6 Nf6 43. c7 Rc3 44. Rd8 1-0

[Event "XVII Festival A"]
[Site "Campobasso ITA"]
[Date "2010.07.23"]
[Round "1"]
[White "Distaso, Antonio"]
[Black "Georgiev, Vladimir"]
[Result "0-1"]
[WhiteElo "1974"]
[BlackElo "2586"]
[PlyCount "126"]
[EventDate "2010.07.23"]

1. e4 c5 2. Nf3 Nc6 3. Nc3 g6 4. d4 cxd4 5. Nxd4 Bg7 6. Be3 Nf6 7. Bc4 O-O 8.
Bb3 Qa5 9. f3 e6 10. O-O d5 11. exd5 exd5 12. Qd2 Re8 13. Rfe1 Be6 14. Nxc6
bxc6 15. Nxd5 Qxd2 16. Nxf6+ Bxf6 17. Bxd2 Bxb2 18. Rab1 Bd4+ 19. Kf1 Bd7 20.
Bc4 Bf5 21. Rxe8+ Rxe8 22. Rb7 Be6 23. Bxe6 Rxe6 24. c3 Be5 25. g3 a6 26. Ra7
c5 27. Bh6 f5 28. c4 Bd4 29. Ra8+ Kf7 30. Ra7+ Ke8 31. Rb7 a5 32. Bf4 h5 33.
Rb5 Bc3 34. Rb3 Bd4 35. Rb5 a4 36. Ra5 Rb6 37. Rxa4 Rb1+ 38. Kg2 Rb2+ 39. Kh3
g5 40. Bxg5 Bg1 41. g4 Rxh2+ 42. Kg3 h4+ 43. Bxh4 f4+ 44. Kxf4 Rxh4 45. Kg5 Rh3
46. Ra8+ Ke7 47. f4 Be3 48. Kf5 Bd2 49. Ra6 Kd7 50. Re6 Bxf4 51. Re4 Bd2 52. g5
Rf3+ 53. Kg4 Rf2 54. g6 Bc3 55. a3 Ra2 56. Re3 Bd4 57. Rh3 Ke6 58. Kg5 Rg2+ 59.
Kh6 Kf5 60. Kh7 Rxg6 61. Rf3+ Ke4 62. Kxg6 Kxf3 63. Kf5 Ke3 0-1

[Event "XVII Festival A"]
[Site "Campobasso ITA"]
[Date "2010.07.23"]
[Round "1"]
[White "Gerardi, Saverio"]
[Black "Santeramo, Domenico"]
[Result "1-0"]
[WhiteElo "2193"]
[BlackElo "1905"]
[PlyCount "70"]
[EventDate "2010.07.23"]

1. e4 e6 2. d4 d5 3. exd5 exd5 4. Bd3 Bd6 5. h3 Nf6 6. Nf3 Nbd7 7. O-O O-O 8.
Bg5 c6 9. Re1 Qc7 10. Qd2 b6 11. Nc3 Bb7 12. a4 Rfe8 13. Nh4 h6 14. Be3 Ne4 15.
Nxe4 dxe4 16. Bc4 Qd8 17. Nf5 Bf8 18. g4 c5 19. Rad1 Qf6 20. Ng3 Qh4 21. Kh2
Nf6 22. Kg2 Nd7 23. Qe2 g6 24. Ba6 Bxa6 25. Qxa6 cxd4 26. Bxd4 Nc5 27. Qb5 Ne6
28. Be3 Bc5 29. Nxe4 Bxe3 30. fxe3 h5 31. Qe5 hxg4 32. Nf6+ Kf8 33. hxg4 Rec8
34. c3 Kg7 35. Rh1 Rc5 1-0

[Event "XVII Festival A"]
[Site "Campobasso ITA"]
[Date "2010.07.23"]
[Round "1"]
[White "Lattanzio, Savino"]
[Black "Giacchetti, Lorenzo"]
[Result "1-0"]
[WhiteElo "2061"]
[BlackElo "1843"]
[PlyCount "49"]
[EventDate "2010.07.23"]

1. e4 c5 2. Nf3 Nc6 3. Bb5 g6 4. O-O Bg7 5. Re1 Nf6 6. c3 O-O 7. d4 d5 8. exd5
Qxd5 9. c4 Qd6 10. Bxc6 bxc6 11. Be3 Ba6 12. Qa4 cxd4 13. Bxd4 c5 14. Be5 Qb6
15. Nbd2 Bb7 16. Bc3 Bc6 17. Qa3 Bxf3 18. Nxf3 e6 19. Ne5 Rfd8 20. Ba5 Qa6 21.
Bxd8 Qxa3 22. bxa3 Rxd8 23. Rad1 Rxd1 24. Rxd1 Kf8 25. Rd8+ 1-0

[Event "XVII Festival A"]
[Site "Campobasso ITA"]
[Date "2010.07.23"]
[Round "1"]
[White "Mazza, Daniele"]
[Black "Cordi', Domenico"]
[Result "1-0"]
[WhiteElo "1836"]
[BlackElo "2047"]
[PlyCount "61"]
[EventDate "2010.07.23"]

1. e4 c5 2. Nf3 d6 3. Bb5+ Bd7 4. Bxd7+ Qxd7 5. d3 Nc6 6. Nc3 g6 7. Be3 Bg7 8.
Qd2 Nf6 9. Bh6 O-O 10. Bxg7 Kxg7 11. O-O e5 12. h3 Nh5 13. Ne2 f5 14. Nh2 f4
15. Nf3 h6 16. c3 Qe6 17. d4 exd4 18. cxd4 Qxe4 19. dxc5 dxc5 20. Rfe1 Qb4 21.
Qc2 Rad8 22. Nh4 Rf6 23. Rad1 Re6 24. a3 Qe4 25. Qc3+ Qe5 26. Nxf4 Nxf4 27.
Rxe5 Rxd1+ 28. Re1+ Kf7 29. Rxd1 Ne2+ 30. Kf1 Nxc3 31. bxc3 1-0

[Event "XVII Festival A"]
[Site "Campobasso ITA"]
[Date "2010.07.23"]
[Round "1"]
[White "Mazzarella, Antonio"]
[Black "D'Aquino, Ugo"]
[Result "1/2-1/2"]
[WhiteElo "2018"]
[BlackElo "1653"]
[PlyCount "50"]
[EventDate "2010.07.23"]

1. d4 f5 2. g3 e6 3. Bg2 Nf6 4. Nc3 d5 5. Nf3 c6 6. Bg5 Bd6 7. Ne5 Nbd7 8. Nxd7
Bxd7 9. Qd3 O-O 10. O-O h6 11. Bf4 Be7 12. Rae1 g5 13. Be5 Ng4 14. f3 Nxe5 15.
dxe5 c5 16. e3 Rc8 17. Ne2 b5 18. c3 Qc7 19. f4 g4 20. Rd1 Bc6 21. a3 a5 22.
Rc1 a4 23. Rfd1 h5 24. h4 Rfd8 25. Kh2 Qb7 1/2-1/2

[Event "XVII Festival A"]
[Site "Campobasso ITA"]
[Date "2010.07.23"]
[Round "1"]
[White "Mrdja, Milan"]
[Black "Grasso, Nino"]
[Result "1-0"]
[WhiteElo "2372"]
[BlackElo "1942"]
[PlyCount "99"]
[EventDate "2010.07.23"]

1. e4 e5 2. Bc4 Nf6 3. d3 Nc6 4. Nf3 h6 5. O-O Bc5 6. c3 O-O 7. Bb3 d6 8. Nbd2
Be6 9. Bc2 Re8 10. Re1 Ng4 11. Re2 Bxf2+ 12. Rxf2 Ne3 13. Qe2 Nxc2 14. Rb1 Bxa2
15. b3 Bxb1 16. Nxb1 Na1 17. Qa2 Nxb3 18. Qxb3 Qd7 19. Nbd2 a5 20. Nf1 a4 21.
Qa2 Qe6 22. c4 b5 23. Ne3 b4 24. Nd5 Qc8 25. c5 Qb7 26. Be3 a3 27. Nd2 Re6 28.
Nb3 Na5 29. Rc2 c6 30. Nb6 Ra6 31. Rc1 Nxb3 32. Qxb3 dxc5 33. Na4 Rf6 34. Nxc5
Qb6 35. Rc2 Ra8 36. h3 Qa7 37. Ra2 Qb6 38. Kh2 Rd6 39. Bg1 Qb5 40. Ra1 Rf8 41.
Rf1 Rdd8 42. Kh1 Qb8 43. Rb1 Qa8 44. Qxb4 a2 45. Ra1 Rb8 46. Qd2 Rb1 47. Rxa2
Qd8 48. Kh2 Qh4 49. Be3 Rf1 50. Rb2 1-0

[Event "XVII Festival A"]
[Site "Campobasso ITA"]
[Date "2010.07.23"]
[Round "1"]
[White "Paduano, Gennaro"]
[Black "Gromovs, Sergejs"]
[Result "0-1"]
[WhiteElo "1934"]
[BlackElo "2365"]
[PlyCount "76"]
[EventDate "2010.07.23"]

1. e4 c5 2. c3 Nf6 3. e5 Nd5 4. d4 cxd4 5. cxd4 d6 6. Nf3 Nc6 7. exd6 e6 8. Nc3
Bxd6 9. Nxd5 exd5 10. Be2 O-O 11. O-O Bg4 12. Re1 Rc8 13. a3 Qb6 14. b4 Bxf3
15. Bxf3 Nxd4 16. Be3 Nxf3+ 17. Qxf3 d4 18. Bd2 Rc2 19. Qd3 Rc7 20. Re4 Rd8 21.
Rh4 g6 22. Qh3 h5 23. Qd3 Be7 24. Re4 Bf6 25. Rae1 Kg7 26. g4 hxg4 27. Rxg4 Qc6
28. Qh3 Rh8 29. Qg3 Rd7 30. Qd3 Rd5 31. Ree4 b5 32. Rxd4 Bxd4 33. Rxd4 Rhd8 34.
Rxd5 Rxd5 35. Bc3+ f6 36. Qc2 Rg5+ 37. Kf1 Re5 38. Kg1 Re1+ 0-1